Statistiques concernant Fortnite Top 300 Gamepedia 2020 EU Region

Cliquez ici pour prendre le quiz!

Statistiques générales

  • Ce quiz a été pris 267 fois
  • Le résultat moyen est 26 sur 300

Statistiques - réponses

PlacePlayer% Correct
8.Mongraal
80%
3.Andilex
79%
12.Nayte
73%
111.Nikof
70%
5.MrSavage
66%
1.Tayson
66%
4.Benjyfishy
65%
89.Skite
65%
155.Airwaks
59%
28.Clement
55%
34.4zr
54%
42.Floki
54%
95.Snayzy
52%
29.Aqua
47%
11.Xsweeze
45%
144.PodaSai
44%
177.Vato
42%
46.BadSniper
41%
275.DKS
37%
9.Kami
37%
134.BlastR
36%
24.Decyptos
36%
17.Hen
36%
15.Queasy
36%
249.Veno
36%
2.Jannisz
35%
114.Magl
35%
26.Vadeal
34%
57.Setty
33%
13.Anas
32%
7.Rezon ay
32%
49.Teeq
31%
62.Stompy
30%
16.Chapix
29%
187.Laizen
28%
10.Mitr0
27%
22.Noahreyli
27%
32.Keziix
26%
25.Wolfiez
26%
104.Alpha
24%
99.Noward
24%
14.Letshe
23%
66.Robabz
23%
137.Kyzen
21%
6.Th0masHD
21%
60.Trulex
20%
93.Naekoz
19%
19.Crr
18%
96.Emxxrr
18%
56.Endretta
18%
218.Leo The Crack
18%
67.ZQ
18%
117.Falconly
17%
119.Airknn
16%
173.EsTy
16%
102.Pinq
16%
18.Flikk
15%
30.Refsgaard
15%
244.Mirza
14%
40.Toose
14%
299.Keolys
13%
217.Wanlast
13%
35.Putrick
12%
126.Lowless
11%
84.Stormyrite
11%
59.Blacky
10%
118.Freemok
10%
69.IDrop
10%
20.K1nzell
10%
139.Shaykoz
10%
37.Skram
10%
183.Skydeun
10%
276.Voxe
10%
47.Fastroki
9%
158.Nyhrox
9%
192.Slovay
9%
222.Hellfire
8%
23.Kiryache32
8%
223.Mappi
8%
235.Pickiss
8%
50.Umplify
8%
63.Verox
8%
64.Kylie
7%
39.Matsoe
7%
41.Merjin
7%
233.Snipe
7%
86.Vortex
7%
21.Wakie
7%
133.Crue
6%
130.Graye
6%
211.Jules
6%
36.Milan
6%
121.Packo
6%
31.Znappy
6%
83.Fray
5%
109.Kikoo
5%
54.Kubx
5%
58.L1nk
5%
76.Mexe
5%
295.Pablo
5%
53.Raifla
5%
215.RedRush
5%
113.Trippernn
5%
156.zAndy
5%
43.Adn
4%
159.Antorak
4%
273.Noka
4%
82.Saevid
4%
194.Slq
4%
27.Steelix
4%
230.Voidd
4%
116.Yagsou
4%
33.Artor
3%
107.AstroSMZ
3%
79.Ditrxx
3%
265.Dukey
3%
91.Etq
3%
70.Flowis
3%
80.Kura
3%
48.Letw1k3
3%
71.Michael
3%
143.Mosh
3%
212.Rojo
3%
272.Sunddely
3%
106.Swag
3%
250.X8
3%
97.Castery
2%
259.DiegoGB
2%
268.FlyZ
2%
288.Froggy
2%
44.Hardfind
2%
264.Hulkk
2%
129.Jamside
2%
103.Karma
2%
101.Kejser
2%
72.Lnuef
2%
225.Maage
2%
186.Mayzen
2%
131.Miro
2%
52.Rakso
2%
88.Slender
2%
135.WaiZ
2%
228.Xsterioz
2%
198.1Lusha
1%
51.7tor
1%
220.Ardit
1%
254.Artox
1%
98.AyarBaffo
1%
184.Boyer
1%
90.Deqzyy
1%
154.Diablo
1%
73.Dokko
1%
151.Drobban
1%
296.Elokratz
1%
293.Flecken
1%
283.Frozen
1%
136.Fury Legendary
1%
153.Ghosty4k
1%
55.Heatzy
1%
266.Hottie
1%
147.Huty
1%
125.Hycr1s
1%
81.iRezUmi
1%
238.Kebo
1%
208.Kkwet
1%
189.Klusia
1%
209.Kylix
1%
248.Lolb0om
1%
74.Louis
1%
65.Maestro
1%
289.Magin
1%
185.Marteen
1%
142.Mawakha
1%
175.McDaBeast
1%
124.Minny
1%
174.Mr.J
1%
87.Nate
1%
108.NemZ
1%
219.Night
1%
300.Remix
1%
94.Safik
1%
231.Serenexo
1%
188.Shadow
1%
165.Shizogod
1%
61.Slix
1%
45.Snagged
1%
149.Snap
1%
38.Styler
1%
100.Styrsix
1%
123.Wraxx
1%
160.Wyzip
1%
256.Zeston
1%
169.Zino
1%
85.Advise
0%
163.Akusto
0%
277.Albraik
0%
205.Arion
0%
258.Azze
0%
196.Bayon
0%
285.Bobby
0%
120.Bobo
0%
252.Braize
0%
200.Browner
0%
210.Bryzee
0%
164.Carrot
0%
262.Claven
0%
239.Connor
0%
197.Core
0%
161.Cvrby
0%
297.Czajnikkk
0%
242.Dadol
0%
204.DaeZinhoo
0%
166.DanDan
0%
162.Deside16
0%
237.Diocese
0%
138.Downs2k
0%
146.Edison
0%
78.Ensar
0%
201.Fex
0%
193.Fey
0%
255.Finnex
0%
182.Fir3Hunter
0%
271.Flakezyy
0%
167.Floriixn
0%
213.Fnajen
0%
195.Fredy
0%
170.FrenzyFishy
0%
287.Fusion
0%
257.Gancheto
0%
105.Geanzha
0%
274.Hlechis
0%
263.Hygge
0%
190.IBoooHai
0%
152.J4chu
0%
150.Jakei
0%
77.Jaspaay
0%
221.Jenner
0%
75.Kartun
0%
214.Kaxie
0%
179.Kidbocaj
0%
128.Kiraah
0%
236.Kiujy
0%
260.Kizzy
0%
279.Kobe
0%
224.Kris
0%
291.KruttGutt
0%
234.Ks1light
0%
172.Lareez
0%
180.Legxndz
0%
145.Lyght
0%
290.Mck
0%
232.Milaniwnl
0%
251.MinZho
0%
282.Nebby
0%
292.Nespit
0%
245.Nuarix
0%
127.PabloWingu
0%
141.Paddy
0%
140.Passivq
0%
178.Peach
0%
281.Pepper
0%
298.Pircolino
0%
157.Pnakayy
0%
227.Primzhy
0%
92.Qvado
0%
253.Raavo0x
0%
261.Rabid
0%
240.Raze
0%
176.Reyed
0%
294.Richart
0%
191.RijasR
0%
243.RLluka
0%
110.Rotory
0%
284.Sammyy
0%
115.Scolleh
0%
267.Seanvp
0%
206.Sevenjosh
0%
203.ShadeCOT
0%
68.Siberiajkee
0%
148.Smudge
0%
270.SoMin
0%
202.Steptr
0%
181.Swaggi
0%
122.Swapz
0%
286.Teaguey
0%
269.Tinoks
0%
280.Tobi
0%
171.TomzyV1
0%
246.Trizox
0%
247.Troqz
0%
278.Tuckz
0%
226.Urii
0%
132.Vetle
0%
207.VibezUKz
0%
112.Virsuh
0%
168.WingS
0%
241.xKumu
0%
229.ZahnlosesZebra
0%
199.Zawnie
0%
216.Zh1ny
0%

Distribution des résultats

Percentile par nombre de réponses

% des personnes avec chaque résultat

Votre développement - résultats

Vous n’avez pas pris ce quiz